Lactancia humana y equidad de género /
Selección de 16 ponencias del Primer Congreso Universitario de Lactancia Humana y Equidad de Género, realizado por la Universidad Autónoma Metropolitana en junio de 2015, donde se revisaron las ventajas de desarrollo en el niño alimentado con leche materna, así como las políticas públicas e instituc...
Guardado en:
| Institution som forfatter: | |
|---|---|
| Andre forfattere: | , |
| Format: | Procedimiento de la conferencia Bog |
| Sprog: | spansk |
| Udgivet: |
México :
UAM,
2016, c2016
|
| Serier: | (Abate Faria ;
27) |
| Fag: | |
| Tags: |
Ingen Tags, Vær først til at tagge denne postø!
|
MARC
| LEADER | 00000nam^a2200000^a^4500 | ||
|---|---|---|---|
| 001 | 000409214 | ||
| 005 | 20250521000000.0 | ||
| 009 | 20260310122014.086 | ||
| 020 | |a 978-607-28-0860-7 | ||
| 020 | |a 978-607-477-324-8 | ||
| 037 | |a Acervo ITESO - Biblioteca | ||
| 041 | |a ESP | ||
| 082 | |a 649. 33 |b CON 2015 | ||
| 111 | |a Congreso Universitario de Lactancia Humana y Equidad de Género ( |n 1° : |d 2015 : |c UAM) | ||
| 245 | 1 | 0 | |a Lactancia humana y equidad de género / |c Comp. de C.C. Radilla Vázquez... [et al.] ; pról. de L. Lara Sáenz. |
| 264 | 4 | |a México : |b UAM, |c 2016, c2016 | |
| 300 | |a 159 p. | ||
| 336 | |a texto |b txt |2 rdacontenido | ||
| 337 | |a sin mediación |b n |2 rdamedio | ||
| 338 | |a volumen |b nc |2 rdasoporte | ||
| 440 | 1 | |a (Abate Faria ; |v 27) | |
| 520 | |a Selección de 16 ponencias del Primer Congreso Universitario de Lactancia Humana y Equidad de Género, realizado por la Universidad Autónoma Metropolitana en junio de 2015, donde se revisaron las ventajas de desarrollo en el niño alimentado con leche materna, así como las políticas públicas e institucionales para la promoción y apoyo de la lactancia en México. | ||
| 521 | |a FIL 2018 EEnlace Departamento de Psicología, Educación y Salud | ||
| 649 | |a XX | ||
| 650 | |a Alimentación de Pecho - |x Tema Principal | ||
| 650 | |a Lactancia - |x Aspectos Económicos | ||
| 650 | |a Lactancia - |z México - |x Tema Principal | ||
| 650 | |a Lactancia - |x Congresos - |x Tema Principal | ||
| 650 | |a Lactancia - |x Tema Principal | ||
| 650 | |a Desarrollo Emocional | ||
| 650 | |a Desarrollo Físico | ||
| 650 | |a Relaciones Padres-Hijos | ||
| 650 | |a Educación y Promoción Popular - |z México | ||
| 650 | |a Promoción de la Salud - |z México | ||
| 650 | |a Salud Pública - |z México | ||
| 650 | |a Ciencias Médicas | ||
| 700 | |a Radilla Vázquez, Claudia Cecilia |e (compilación) | ||
| 700 | |a Lara Sáenz, Leoncio |e (prólogo) | ||
| 910 | |a Fondo General | ||
| 920 | |a Impresos - Libros | ||
| 930 | |a Colección General | ||
| 905 | |a 101 | ||
| 901 | |a 0500317481 |b IT1 |c ACC |i C163439 |u 20250521 | ||
| 902 | |a https://opac.biblio.iteso.mx/vufind/Record/000409214 | ||